[Event "Dortmunder Schachtage-06"]
[Site "Dortmund"]
[Date "1978.04.16"]
[Round "6"]
[White "Andersson, Ulf"]
[Black "Tatai, Stefano"]
[Result "1-0"]
[WhiteElo "2545"]
[BlackElo "2455"]
[Annotator "Notkin,M"]
[PlyCount "59"]
[EventDate "1978.04.11"]
[EventType "tourn"]
[EventRounds "11"]
[EventCountry "GER"]
[EventCategory "7"]
[SourceTitle "MCL"]
[Source "ChessBase"]
[SourceDate "1999.07.01"]
[SourceVersion "1"]
[SourceVersionDate "1999.07.01"]
[SourceQuality "1"]

1. Nf3 f5 2. g3 Nf6 3. Bg2 g6 4. c4 Bg7 5. Nc3 O-O 6. d4 d6 7. d5 c6 8. O-O e5
9. dxe6 Bxe6 10. Qd3 Na6 11. Bf4 d5 $2 (11... Ne4 12. Nxe4 fxe4 13. Qxe4 Nc5
14. Qe3 $1 Bxc4 15. Rad1 Re8 16. Qc1 Bxe2 17. Rxd6 Qa5 $1 18. Bd2 Qb5 19. Nd4
Qd3 20. Be3 $5 $14 {Yusupov,A-Barbero,G/Mendoza/1985/1:0/54/}) (11... Ne8 12.
b3 (12. Ng5 Qd7 13. b3 $14) 12... Qf6 13. Rac1 d5 14. cxd5 Nb4 15. Qd2 Nxd5 16.
Be5 Qe7 17. Bxg7 Nxg7 18. Nd4 Nxc3 19. Rxc3 Bf7 $10 {Neverov,V-Malaniuk,V/
Kherson/1989/0:1/40/}) 12. Ng5 Nc5 13. Qc2 d4 (13... h6 14. Nxe6 Nxe6 15. cxd5
cxd5 16. Rad1 $16) 14. Na4 Nfd7 $8 15. Rad1 (15. b4 $2 h6) 15... h6 $2 (15...
Qe7 16. Nxc5 Nxc5 17. b4 Nd7 18. c5 $16) (15... Bf7 16. Nxc5 Nxc5 17. b4 Ne6
18. Nxf7 Rxf7 19. Bc1 $16) 16. Nxc5 Nxc5 17. Nf3 g5 18. Nxd4 $1 $18 Bxd4 19.
Be3 Bxe3 20. Rxd8 Bxf2+ 21. Rxf2 Raxd8 22. h4 gxh4 23. gxh4 Rd4 24. Bf3 Kh7 25.
Rg2 Ne4 (25... Rxc4 26. Qd2 Ne4 27. Qa5) 26. Qb3 Rf7 27. Qe3 c5 28. b3 Bd7 {
/\b6/} 29. Bxe4 fxe4 30. Qg3 1-0

[Event "POL-ch"]
[Site "Warsaw"]
[Date "2004.05.06"]
[Round "12"]
[White "Lagowski, Patryk"]
[Black "Jakubiec, Artur"]
[Result "0-1"]
[WhiteElo "2425"]
[BlackElo "2532"]
[Annotator "Postny,E"]
[PlyCount "96"]
[EventDate "2004.04.24"]
[EventType "tourn"]
[EventRounds "13"]
[EventCountry "POL"]
[EventCategory "12"]
[SourceTitle "CBM 101"]
[Source "ChessBase"]
[SourceDate "2004.07.27"]
[SourceVersion "1"]
[SourceVersionDate "2004.07.27"]
[SourceQuality "1"]

1. d4 f5 2. c4 Nf6 3. g3 g6 4. Bg2 Bg7 5. Nf3 O-O 6. O-O d6 7. Nc3 c6 8. Rb1 {
This move is a side line. The main line goes with 8.d5.} Ne4 ({Popular
alternatives are:} 8... Qe8) (8... a5) 9. Qb3 (9. Qc2 Nxc3 10. Qxc3 e5 11. dxe5
dxe5 12. e4 f4 13. b4 Bg4 14. Bb2 Qe7 15. c5 Nd7 $11 {1-0 Malisov,
B-Veremeichik,V/Minsk 1978/EXT 2003 (36)}) (9. Nxe4 fxe4 10. Nd2 d5 11. e3 Be6
12. b4 b5 13. cxb5 cxb5 14. a4 {- see the annotated game Beliavsky,A-Agrest,E/
Batumi 1999/CBM 74 [Tsesarsky]}) 9... Kh8 {Moving the king to a safer place.}
10. Rd1 Nxc3 ({Possible alternative is} 10... Na6) 11. bxc3 Qe8 $146 (11... Nd7
12. c5 d5 13. Bf4 b6 14. c4 e6 15. Bd6 Re8 16. Qa4 Bb7 17. Rd2 $14 {1-0 Stocek,
J-Szabolcsi,J/Budapest 1996/CBM 54 ext (40)}) 12. Qa3 $1 {[%csl Rd6][%cal
Ga3f8] Typical queen manoeuvre. White is preventing the e7-e5 advance.} Na6 {
Transfering the knight to c7 and then, probably to e6, where it will support
f5-f4 advance.} 13. Be3 h6 {Covering g5 square and preparing typical attacking
plan by g6-g5 and f5-f4.} 14. h4 {Preventing g6-g5 advance.} Qf7 {[%csl Rc4]}
15. c5 $1 {White correctly trying to make use of his advantage in development.}
dxc5 $6 {Principled decision, but a risky one.} ({Probably safer is} 15... Rd8)
16. Ne5 Qf6 (16... Qe6 17. Bf4 $36 {[%cal Gd4d5]}) 17. f4 $5 {Securing e5
stronghold, but this move weakens the position of white's monarch.} ({Deserved
serious attention} 17. h5 $5 gxh5 18. Bf3 h4 19. Kg2 $36 {[%csl Rh8][%cal
Gd1h1,Gh1h8]}) 17... Kh7 18. dxc5 Nc7 19. c4 $6 ({More troublesome for black is
} 19. Bd4 Qe6 20. e4 $1) 19... Qe6 20. Qa5 Ne8 21. Rd8 {White's position looks
very impressive, but the matters far from clear.} Nf6 (21... Bxe5 22. fxe5 Qxe5
23. Bf4 Qg7 24. Rbd1 e5 25. Bc1 Nf6 26. Rxf8 Qxf8 27. Qc7+ Qg7 28. Qxe5 $14)
22. Rbd1 Nd7 $1 23. R8xd7 (23. Rxf8 Bxf8 (23... Nxe5 $6 24. Bd5 $1 cxd5 25.
cxd5 Nc4 26. dxe6 Nxa5 27. Rf7 Nc6 28. Bd4 Nxd4 29. Rxd4 Bxe6 30. Rxe7 $14) 24.
Qd8 Nxe5 25. Qxf8 Nd7 26. Rxd7 Qxe3+ 27. Kh2 Bxd7 28. Qxa8 Qxc5 29. Qxb7 Be6
30. Qxc6 Qxc6 31. Bxc6 Bxc4 {[%csl Ra2,Re2] and black is winning the pawn.}) (
23. Bd5 cxd5 24. cxd5 Qg8 25. Rxd7 Bxd7 26. Nxd7 {is identical to the game.})
23... Bxd7 (23... Bxe5 24. R7d2 $14) 24. Bd5 cxd5 25. cxd5 Qg8 26. Nxd7 Rfc8 {
In this irrational position the chances are approximately equal.} 27. Qb5 Qd8
28. c6 $2 {White is in a hurry to make benefits from his position, but this
move simply ruins white's nice pawncentre.} ({Much stronger was} 28. h5 gxh5
29. d6 {with immense complications.}) 28... bxc6 29. dxc6 Qc7 30. Rc1 Qd6 {
Black's queen got back to business, while white has simply lost control in the
centre.} 31. h5 Rc7 32. Ne5 gxh5 33. Bc5 Qe6 34. Bd4 Rd8 $19 35. e3 Rdc8 36.
Rc5 h4 37. g4 {The last attempt to stir complications.} fxg4 38. Qd3+ Kg8 39.
f5 Qd6 40. Qc4+ Kh7 41. Qf7 Rf8 42. Qh5 (42. Qg6+ Qxg6 43. fxg6+ Kg8 44. Nxg4
Bxd4 45. exd4 Rf4 46. Ne3 Rxd4 47. Nd5 Rxd5 48. Rxd5 Rxc6 $19) 42... Bxe5 43.
Rxe5 Rxc6 {Black parried all white's threats and his material advantage
promise black an easy win.} 44. Qxh4 Rc1+ 45. Kf2 Rf7 46. Qxg4 Qc6 47. Rc5 Rc2+
48. Kg3 Rxc5 0-1

[Event "POL-chT 66th"]
[Site "Katowice"]
[Date "2010.09.06"]
[Round "3"]
[White "Czarnota, Pawel"]
[Black "Bartel, Mateusz"]
[Result "0-1"]
[WhiteElo "2524"]
[BlackElo "2599"]
[Annotator "RR"]
[PlyCount "84"]
[EventDate "2010.09.04"]
[EventType "team-tourn"]
[EventRounds "9"]
[EventCountry "POL"]
[SourceTitle "EXT 2016"]
[Source "ChessBase"]
[SourceDate "2015.10.08"]
[SourceVersion "1"]
[SourceVersionDate "2015.10.08"]
[SourceQuality "1"]
[WhiteTeam "Szkola Grudziadz"]
[BlackTeam "Wroclaw Polonia"]
[WhiteTeamCountry "POL"]
[BlackTeamCountry "POL"]

1. c4 f5 2. Nf3 g6 3. d4 Bg7 4. g3 Nf6 5. Bg2 O-O 6. O-O d6 7. Nc3 c6 8. d5 e5
9. e4 (9. dxe6 {La grande ligne}) 9... cxd5 (9... Na6 10. exf5 Bxf5 11. Bg5 Nc5
12. Nd2 Qb6 13. Nb3 Nxb3 14. axb3 c5 15. h3 Rae8 16. g4 Bd7 17. Qc2 a6 18. Rae1
h6 19. Bxf6 Rxf6 20. Ne4 Rf4 21. Ng3 Rf6 22. Be4 Kf7 23. f3 Rh8 24. h4 Bf8 25.
f4 Bxg4 26. fxe5 dxe5 27. Bxg6+ Kg7 28. Bf5 h5 29. Bxg4 hxg4 30. Nf5+ Kg8 31.
Rxe5 Qc7 32. Qe4 Qf7 33. Re6 Rh7 34. Kg2 b5 35. Rxf6 Qxf6 36. Qe6+ Qxe6 37.
dxe6 bxc4 38. bxc4 Rb7 39. Kg3 {Ehlvest,J (2565)-Neiksans,A (2560) Jurmala
2014 1-0}) (9... fxe4 10. Ng5 $44 {Koziak,V (2503)-Wacker,P (2300) Donau op
21st 2012 (5) 1-0}) 10. cxd5 Na6 (10... f4 11. gxf4 Nh5 $6 (11... exf4 $142 12.
Bxf4 Nxe4) 12. fxe5 Bg4 13. e6 $40 {[%csl Ge6];Milos,G (2589)-Rodriguez Vila,A
(2502) Mario Covas 6th 2006 (7) 1-0}) 11. exf5 gxf5 (11... Bxf5 12. Ng5 $1 {
[%csl Re6]} Nc7 13. Qb3 $14 {Bocharov,D (2565)-Berg,E (2495) Moscow Aeroflot
op-A 2004 (4) 1-0}) 12. Ng5 Nc7 $146 (12... Qe7 13. Be3 Nc7 14. Qb3 Ng4 {
1/2-1/2 (14) Santos,C (2414)-Spraggett,K (2526) Maia 2003}) 13. Qb3 $14 {
[%csl Rb7][%cal Gg5e6,Gb3d5]} Qe7 14. Rd1 b6 {[%csl Rc6]} (14... h6 15. Ne6
Nxe6 16. dxe6 Bxe6 17. Nd5 Nxd5 18. Bxd5 Bxd5 19. Qxd5+ Qf7 20. Qxf7+ Rxf7 21.
Rxd6 e4 $132 {[%csl Rb2,Gg7]}) 15. Qa3 $6 {[%cal Gd1d6,Ga3d6,Gg5e6]} (15. Bd2
$5 {Un peu passif mais les Blancs peuvent terminer le développement alors que
la manoeuvre Qb3a3 est assez lente} Bb7 16. Rac1) 15... Bb7 16. Ne6 $5 Nxe6 17.
dxe6 Bxg2 $1 $11 18. Kxg2 Rad8 $32 19. Bg5 (19. Nb5 {[%cal Gb5a7,Gb5d6]} Ne4 (
19... Qxe6 20. Rxd6 Rxd6 21. Qxd6 Qf7 (21... Qxd6 22. Nxd6 f4) 22. Nc3 (22. Bg5
$2 Ne4) 22... Ne8)) 19... Qxe6 20. Qb3 $6 Qxb3 21. axb3 Rd7 $15 {[%csl Gd6]
[%cal Gd6d5]} 22. Bxf6 Bxf6 23. Nd5 Bg7 24. Rac1 f4 (24... e4 $5 {[%csl Gg7]})
25. Rc6 f3+ 26. Kf1 (26. Kg1 {[%csl Rh2]} e4 27. Rc4 Bxb2) 26... e4 $132 {
[%csl Gg7]} 27. Rc4 Re8 28. Re1 Re5 29. Rd4 Rh5 30. Rd2 Rxh2 31. Kg1 Rh5 32.
Rxe4 Re5 33. Rg4 Re1+ 34. Kh2 Rf7 35. Rc2 (35. Ne3 $2 Rxe3 $1 36. fxe3 f2)
35... h5 36. Rf4 Be5 $1 $40 {[%cal Ge5h2,Gh5h4]} 37. Rfc4 Re2 $1 38. Kh3 Kg7
39. Kh4 Kg6 $19 40. g4 hxg4 41. Kxg4 b5 42. Rc6 Re4+ 0-1

[Event "Sautron op 13th"]
[Site "Sautron"]
[Date "2013.11.01"]
[Round "8"]
[White "Terrieux, Kevin"]
[Black "Lagarde, Maxime"]
[Result "1/2-1/2"]
[WhiteElo "2415"]
[BlackElo "2523"]
[Annotator "RR"]
[PlyCount "89"]
[EventDate "2013.10.26"]
[EventType "swiss"]
[EventRounds "9"]
[EventCountry "FRA"]
[SourceTitle "EXT 2016"]
[Source "ChessBase"]
[SourceDate "2015.10.08"]
[SourceVersion "1"]
[SourceVersionDate "2015.10.08"]
[SourceQuality "1"]
[TimeControl "40/5400+30:1800+30"]
[WhiteClock "1:30:00"]
[BlackClock "1:30:00"]

1. d4 {[%emt 0:00:00]} f5 {[%emt 0:05:54] Avec un mauvais départage, le GMI
doit jouer pour le gain} 2. g3 {[%emt 0:02:04]} Nf6 {[%emt 0:00:40]} 3. Bg2 {
[%emt 0:00:13]} d6 {[%emt 0:04:06]} (3... e6 4. c4 c6 5. Nf3 d5 6. O-O Bd6 7.
Qc2 O-O 8. Nc3 Ne4 (8... dxc4 9. e4 $13) (8... Bd7 9. Rb1 Be8 10. Ng5 Qd7 11.
Qb3 Bh5 12. Re1 Na6 13. c5 Be7 14. Nf3 b6 15. Ne5 Qb7 16. Bf4 $14) 9. Rb1 Qe7 (
9... Nd7 10. b4 Nxc3 11. Qxc3 b5 12. Bg5 $14) 10. b4 Bd7 11. b5 Nxc3 12. Qxc3
$14) (3... g6) 4. Nf3 {[%emt 0:01:15]} g6 {[%emt 0:00:15]} 5. O-O {[%emt 0:00:
42]} (5. b3 Bg7 6. Bb2 $14 {[%csl Ge5]}) 5... Bg7 {[%emt 0:00:04]} 6. c4 {
[%emt 0:00:40]} O-O {[%emt 0:00:10]} 7. Nc3 {[%emt 0:00:24]} c6 {[%emt 0:00:09]
} 8. d5 {[%emt 0:00:42]} e5 {[%emt 0:00:10]} 9. dxe6 {[%emt 0:00:31]} Bxe6 {
[%emt 0:00:04]} 10. b3 {[%emt 0:01:33]} (10. Qd3) 10... Ne4 {[%emt 0:00:11]}
11. Nxe4 $1 {[%emt 0:00:28]} (11. Nd4 Bf7 12. Rb1 Re8 13. Bb2 Nd7 14. Nc2 Ndf6
15. Ne3 a5 16. a4 Qe7 17. Qd2 Red8 18. Rfd1 d5 19. cxd5 Bxd5 20. Ncxd5 Nxd5 {
1-0 (20) Agdestein,S (2570)-Nakamura,H (2741) Oslo 2010}) 11... fxe4 {[%emt 0:
00:08]} (11... Bxa1 12. Nxd6 Qd7 13. Ng5 $44 {Plaskett,J (2440)-Vincent,S 
(2200) Paris op 1983 (3) 1-0}) 12. Nd4 {[%emt 0:01:34]} Bf7 {[%emt 0:00:52]}
13. Bxe4 {[%emt 0:02:19]} d5 $146 {[%emt 0:22:24]} (13... Qe7 14. Bg2 c5 15.
Nc2 Bxa1 16. Nxa1 Nc6 17. Nc2 Qe5 18. Qd2 Rae8 19. e3 a6 20. f4 Qf6 21. Ne1 Qe7
22. Nd3 Be6 23. Nf2 Rd8 24. Bb2 Kf7 25. Ne4 Ke8 26. Rd1 Bg4 27. Rc1 Be6 28. Nc3
Rd7 29. Nd5 Qd8 30. Rd1 Bg4 31. Re1 Be6 32. e4 Nd4 33. b4 Kf7 34. Bxd4 Bxd5 35.
cxd5 cxd4 36. Bh3 Rc7 37. Qxd4 Qe7 38. Be6+ Ke8 39. a4 Rf6 40. e5 Rxe6 41. dxe6
dxe5 42. Rxe5 {1-0 (42) Masarik,D (2337)-Chiricuta,M (2204) ICCF email 2010})
14. cxd5 {[%emt 0:11:42]} Re8 {[%emt 0:07:36]} 15. Bf3 {[%emt 0:05:59]} Bxd5 {
[%emt 0:00:27]} 16. Rb1 {[%emt 0:13:19]} Na6 {[%emt 0:03:38]} 17. Bb2 {[%emt 0:
07:42]} Nc5 {[%emt 0:03:57]} 18. e3 {[%emt 0:10:32]} Ne4 {[%emt 0:04:21]} 19.
Bg2 {[%emt 0:02:55]} Qa5 {[%emt 0:05:50]} 20. a3 {[%emt 0:09:36]} Rad8 $132 {
[%emt 0:02:55] Les pièces Noires sont trés actives} 21. b4 {[%emt 0:01:40]}
Qb6 {[%emt 0:07:01]} 22. Qc2 {[%emt 0:00:48]} a5 {[%emt 0:00:48]} 23. Nf3 {
[%emt 0:00:46]} (23. Ne2 {[%csl Rg8][%cal Gb2g7]} Bxb2 24. Rxb2) 23... Bxb2 {
[%emt 0:05:27]} 24. Rxb2 {[%emt 0:02:12]} axb4 {[%emt 0:00:53]} 25. axb4 {
[%emt 0:02:08]} Nd6 {[%emt 0:02:13]} 26. Nd2 {[%emt 0:01:48]} Qb5 {[%emt 0:07:
09]} 27. Bxd5+ {[%emt 0:01:03]} cxd5 {[%emt 0:00:18]} 28. Qc5 {[%emt 0:02:56]}
Qd3 {[%emt 0:00:35]} 29. Qc2 {[%emt 0:00:06]} Qb5 {[%emt 0:00:41]} 30. Qb3 {
[%emt 0:04:13]} Rc8 {[%emt 0:03:45]} 31. Rd1 {[%emt 0:00:59]} Red8 {[%emt 0:06:
57]} 32. Ra2 {[%emt 0:01:48]} Nc4 {[%emt 0:00:57]} 33. Rc2 {[%emt 0:02:01]} (
33. Nf3 {[%cal Gf3d4]}) 33... Ne5 {[%emt 0:02:43]} 34. Rxc8 {[%emt 0:04:33]}
Rxc8 {[%emt 0:00:01]} 35. e4 {[%emt 0:00:09]} Rd8 {[%emt 0:01:37]} 36. Nf3 {
[%emt 0:05:16]} Nxf3+ {[%emt 0:01:35]} 37. Qxf3 {[%emt 0:00:02]} Qxb4 {[%emt 0:
01:27]} 38. exd5 {[%emt 0:00:08]} Qd6 {[%emt 0:00:17]} 39. h4 {[%emt 0:00:38]}
b5 {[%emt 0:00:33]} 40. Qb3 {[%emt 0:00:00]} (40. h5) 40... b4 {[%emt 0:00:00]}
41. h5 {[%emt 0:07:14]} gxh5 {[%emt 0:02:23]} 42. Rd4 {[%emt 0:00:14]} Rb8 {
[%emt 0:03:29]} 43. Rf4 {[%emt 0:00:30]} Rd8 {[%emt 0:00:56]} 44. Rf5 {[%emt 0:
01:10]} Rf8 {[%emt 0:04:43]} 45. Rxh5 {[%emt 0:16:44]} 1/2-1/2

[Event "EU-ch 4th"]
[Site "Istanbul"]
[Date "2003.06.05"]
[Round "6"]
[White "Chuchelov, Vladimir"]
[Black "Guliev, Sarhan"]
[Result "1-0"]
[WhiteElo "2592"]
[BlackElo "2524"]
[Annotator "Roiz,M"]
[PlyCount "86"]
[EventDate "2003.05.30"]
[EventType "swiss"]
[EventRounds "13"]
[EventCountry "TUR"]
[SourceTitle "CBM 096"]
[Source "ChessBase"]
[SourceDate "2003.09.25"]
[SourceVersion "1"]
[SourceVersionDate "2003.09.25"]
[SourceQuality "1"]

1. c4 f5 2. Nf3 Nf6 3. g3 g6 4. Bg2 Bg7 5. d4 O-O 6. O-O d6 7. Nc3 c6 8. b3 {
A solid opening choice.White wants to finish the development and to seize a
space by d4-d5.} ({The main continuation here is} 8. d5) 8... Bd7 9. Bb2 Na6 {
[%cal Gb7b5]} 10. Re1 {[%cal Ge2e4]} ({Besides,white has a large choice of
possiblities:} 10. e3 Re8 11. d5 e5 12. dxe6 Bxe6 13. Qc2 Qe7 14. Rad1 Rad8 $11
{0-1 Sturua,Z-Garcia Ilundain,D/Yerevan ol (Men) 1996}) (10. Rc1 Nc7 11. d5 c5
12. a4 a6 13. a5 Rb8 14. Qc2 b6 15. axb6 Rxb6 16. Ra1 Qb8 17. Nd2 g5 $132 {
0-1 Andrianov,N-Lutikov,A/URS-ch48 sf Krasnojarsk 1980}) (10. Qc2 b5 11. cxb5
cxb5 12. Rfc1 Rc8 13. Qd2 b4 14. Nd1 Ne4 15. Qe1 Rxc1 16. Rxc1 Qa5 $11 {
0-1 Miles,A-Ochoa de Echaguen,F/Zaragoza op 1993}) (10. a3 Qe8 11. d5 (11. Re1
$6 e5 12. e4 f4 13. dxe5 dxe5 14. gxf4 Nh5 15. Nxe5 Bh3 $1 $36 {0-1 Gomez
Esteban,J-Ochoa de Echaguen,F/Bilbao m 1993}) 11... Rd8 (11... c5 $5 {[%cal
Ga6c7,Gb7b5]}) 12. Nd4 e5 13. dxe6 Bxe6 14. Nxe6 Qxe6 15. Qc2 Nc5 16. Rad1 $14
{1-0 Gomez Esteban,J-Ochoa de Echaguen,F/Lisbon zt 1993}) 10... b5 ({deserves
attention is:} 10... Qa5 $5 {[%cal Ge7e5,Gb7b5,Gf6e4]} 11. e4 (11. a3 $5) 11...
fxe4 12. Nxe4 Rae8 13. Neg5 Nc7 14. Qd2 Qxd2 15. Nxd2 h6 16. Ngf3 g5 17. Rac1
Nh7 18. Bc3 Rf7 $11 {1/2-1/2 Panno,O-Bronstein,D/Candidates Tournament 1956})
11. Nd2 Rb8 $1 $146 {Black is not in a hurry.He has a different ways of
counterplay.} (11... bxc4 12. Nxc4 Rb8 13. Rc1 Nb4 14. a3 (14. e3 $14) 14...
Nbd5 15. b4 f4 16. Nxd5 cxd5 17. Na5 fxg3 18. hxg3 $14 {1/2-1/2 Ruck,R-Danner,
G/Honved-B Budapest 1997}) 12. a3 (12. e3 Nb4 $1 13. cxb5 cxb5 14. Nf3 e6 $11 {
[%cal Gb4d5]}) 12... Nc7 (12... e5 $5 13. d5 (13. dxe5 dxe5 14. cxb5 cxb5 15.
Nf3 Re8 16. e4 (16. Nd5 Nxd5 17. Qxd5+ Be6 18. Qxd8 Rbxd8 19. Bxe5 Bxb3 20.
Bxg7 Kxg7 $11) 16... Nc5 $1 17. exf5 e4 $132) 13... cxd5 14. Nxd5 Nc7 $11) 13.
e3 a5 $6 {[%mdl 16384] That pawn will become very weak.At the same time,black
could get a good position after the standard e7-e5.} (13... e5 14. c5 (14. dxe5
dxe5 15. cxb5 cxb5 16. e4 f4 17. gxf4 Nh5 $36) 14... e4 $1 (14... exd4 $6 15.
cxd6 dxc3 16. dxc7 Qxc7 17. Bxc3 c5 18. Rc1 $14) 15. cxd6 Nce8 {Black has a
lot of space and his chanses are not worse.}) 14. Qc2 Qe8 {[%cal Gg6g5,Ge8h5]
The only black's counterplay is on the king side. He is planning to play g6-g5
and Qe8-h5.} 15. Ne2 $1 {[%csl Rc7,Gd3][%cal Ge2f4,Gf4d3,Gc2c7] White has a
clear plan of improvement-he will put his knight on d3 and attack the wekaness
on a5 by Bc3.At the same time,black cannot create any serious threats on the
king side.} Ne6 (15... g5 16. cxb5 $1 Rxb5 17. a4 Rb7 18. Nc4 $16 {[%csl Ra5]
[%cal Gb2c3]}) 16. Nf4 $1 g5 (16... Nxf4 17. exf4 Qf7 18. Re2 $16 {[%csl Ra5,
Re7][%cal Ga1e1,Gb2c3]}) 17. Nd3 h5 $2 {That move looks like a desperation
because black has to spend too much time for creating a threats.} (17... Qh5
$142 18. f4 $1 (18. Bc3 $6 f4 $1 19. Bxa5 fxe3 20. fxe3 c5 $1 $132 {[%csl Rd4,
Rh2][%cal Gf6g4]}) 18... Rfc8 19. Bc3 a4 20. bxa4 bxc4 21. Nxc4 Ne4 $14) 18.
Bc3 h4 19. d5 $1 {[%csl Re6] A classical reaction! The knight has no good
place.} cxd5 20. cxd5 Nd8 21. Bxa5 Rc8 {Black is just pawn down without any
compensation.White pieces are controlling the most important squares,so black
has no chanses for an attack.} (21... hxg3 22. hxg3 (22. fxg3 $16) 22... Qh5
23. Rac1 Ng4 24. Nf3 $16) 22. Qd1 hxg3 23. hxg3 Qf7 {[%csl Rd5][%cal Gf6d5]} (
23... Nf7 24. Bb6 $1 {[%cal Gb6d4]} Ne4 25. Bd4 $16 (25. Nxe4 Bxa1 26. Nxg5 $16
)) 24. Bxd8 $6 (24. Nb4 $1 Nb7 25. Bb6 Nc5 26. Rc1 $16) 24... Rfxd8 25. Nb4 {
[%csl Rc6]} Ng4 26. Rc1 $2 {That natural move is a serious mistake.Better was
to leave the rooks on the board.} (26. Ra2 {[%cal Ga3a4,Gb4c6]} Qh5 27. Nf1 Bc3
28. Ree2 $16) 26... Rxc1 (26... Qh5 27. Nc6 Re8 28. Nf1 $16) 27. Qxc1 Rc8 28.
Nc6 Bf6 $2 {Missing a nice tactical resource!} ({After} 28... Ne5 $1 29. Qc2 {
[%csl Rd3][%cal Yc2d3,Ge1c1]} e6 $1 30. Nxe5 (30. Rc1 Bf6 {and i don't see the
way to consolidate white's position}) 30... Rxc2 31. Nxf7 Kxf7 32. Nf3 Bf6 33.
dxe6+ Bxe6 {white has no real chanses of winning.}) 29. a4 $1 bxa4 (29... Ne5
30. Qb1 $1 bxa4 31. bxa4 Nxc6 32. dxc6 Bxc6 33. Qxf5 $18) 30. b4 $2 {[%csl Gc6]
[%cal Gb4b5] White is too optimistic! Now black gets good counterchanses due
to his passed pawn on a4.} (30. bxa4 $142 e6 (30... Ne5 31. Qb1 Nxc6 32. dxc6
Bxc6 33. Qxf5 $16) 31. Qb1 exd5 32. Na7 $1 Rc5 33. Nb5 $16) 30... Ne5 $2 {
After this natural move white could realize his strategical idea-to keep his
knight on c6.} ({The only was} 30... e6 $1 31. b5 (31. dxe6 Qxe6 32. b5 Ne5 33.
Qc2 Nxc6 34. bxc6 (34. Bxc6 $6 Bxc6 35. bxc6 a3 $36 {[%csl Ga3][%cal Gf6b2]})
34... d5 35. Qxa4 Bxc6 $11) 31... exd5 32. Qc2 d4 $1 33. e4 f4 $132 {and black
has good counterchanses.}) 31. Qc2 $1 e6 (31... a3 32. b5 a2 33. Nb3 $16 {
[%cal Gb5b6,Gb6b7]}) 32. b5 exd5 33. Qa2 $1 {[%csl Ra4,Rd5][%cal Ga2a4,Ga2d5]}
Nc4 (33... Be6 34. Qxa4 Nxc6 35. bxc6 Bc3 36. Rd1 Qe8 37. Nf3 $1 $16) (33...
Kh8 34. Bxd5 Qe8 35. Nc4 Nxc4 36. Qxc4 a3 37. Qb4 $1 $16 {[%csl Ra3,Rd6][%cal
Gb4a3,Gb4d6]}) 34. Nxc4 dxc4 35. Qxa4 d5 $2 {That is losing immediately-black
just cannot keep the position any more.} ({More resistant was} 35... c3 36. Rd1
{[%csl Rd6][%cal Gd1d6,Gg2d5]} Bxc6 37. Bxc6 Qe7 {but probably white is
winning here.}) 36. Rd1 Be6 37. Qa6 $1 $18 {Black cannot avoid material losses.
} Rc7 (37... Re8 38. b6 Bc8 39. Qa7 $18) 38. b6 $1 Rd7 (38... Rxc6 39. Qa8+ Rc8
40. b7 Re8 41. b8=Q Rxb8 42. Qxb8+ Kg7 43. Rb1 $1 $18 {[%cal Gb1b7]}) 39. Rb1
c3 (39... Rb7 40. Qa8+ Kg7 41. Na5 $18) 40. b7 {The rest is like an agony!}
Rxb7 41. Qa8+ Qf8 42. Qxb7 c2 43. Rc1 Qc5 {[%mdl 40]} 1-0